Polyglot country names - Statistics

General Stats
  • This quiz has been taken 92 times
  • The average score is 7 of 25
Answer Stats
In this language This name Refers to this country % Correct
French Allemagne Germany
99%
Greek Γαλλία (Gallía) France
70%
Romanian Elveția Switzerland
60%
Serbian Nemačka Germany
52%
Italian Galles Wales
52%
Finnish Saksa Germany
44%
Estonian Rootsi Sweden
30%
Turkish Yunanistan Greece
27%
Irish Sasana England
25%
Finnish Viro Estonia
24%
Hebrew ספרד (Sfarad) Spain
24%
Estonian Venemaa Russia
23%
Latvian Krievija Russia
19%
Welsh Lloegr England
18%
Hebrew צרפת (Tsarfat) France
17%
Hungarian Olaszország Italy
17%
Czech Rakousko Austria
15%
Hungarian Lengyelország Poland
15%
Turkish Arnavutluk Albania
12%
Latvian Igaunija Estonia
12%
Arabic النمسا (An-Nimsā) Austria
11%
Lithuanian Vokietija Germany
11%
Georgian საბერძნეთი (Saberdzneti) Greece
11%
Georgian სომხეთი (Somkheti) Armenia
10%
Swahili Ureno Portugal
7%
No matching quizzes found
Score Distribution
Percent of People with Each Score
Percentile by Number Answered
Your Score History
You have not taken this quiz